Historie a současnost event marketingu
Zmapovanie oblasti event marketingu ako neoddeliteľnej súčasti marketingovej komunikácie. História event marketingu a súčasná situácia v ČR. Event marketing ako marketingová činnosť sa zaoberá netradičnými akciami (napr. usporiadaním akcií, hier, udalostí, večierkov, inscenovaním zážitkov a i.) s ci...
Salvato in:
| Autore principale: | |
|---|---|
| Natura: | Capitolo di libro |
| Lingua: | ceco |
| Soggetti: | |
| Tags: |
Nessun Tag, puoi essere il primo ad aggiungerne!!
|
MARC
| LEADER | 00000nla$a2200000$$$4500 | ||
|---|---|---|---|
| 001 | 0076976 | ||
| 005 | 20220801085033.1 | ||
| 041 | 0 | |a cze | |
| 044 | |a CZ | ||
| 245 | 1 | 0 | |a Historie a současnost event marketingu |c Eva Staňková |
| 520 | |a Zmapovanie oblasti event marketingu ako neoddeliteľnej súčasti marketingovej komunikácie. História event marketingu a súčasná situácia v ČR. Event marketing ako marketingová činnosť sa zaoberá netradičnými akciami (napr. usporiadaním akcií, hier, udalostí, večierkov, inscenovaním zážitkov a i.) s cieľom upútať pozornosť potenciálneho zákazníka a podporiť imidž ponúkaného produktu. Ide o pomerne novú a veľmi efektívnu formu marketingovej komunikácie. | ||
| 610 | 2 | 0 | |a marketing |
| 610 | 2 | 0 | |a komunikácia marketingová |
| 610 | 2 | 0 | |a stratégia marketingová |
| 100 | 1 | |a Staňková, Eva | |